|
|
|
|
| LEADER |
00000nam0a2200000 4500 |
| 001 |
290222 |
| 005 |
20231031235911.0 |
| 020 |
|
|
|a RU
|b 83-87507
|
| 035 |
|
|
|a (RuTPU)RU\TPU\book\314770
|
| 090 |
|
|
|a 290222
|
| 100 |
|
|
|a 20150404d1983 k y0rusy5003 ca
|
| 101 |
0 |
|
|a rus
|
| 102 |
|
|
|a RU
|
| 105 |
|
|
|a y z 001zy
|
| 200 |
1 |
|
|a Методологические проблемы комплексных исследований
|e [сборник статей]
|f Академия наук СССР (АН СССР), Сибирское отделение (СО), Институт истории, филологии и философии ; А. Т. Москаленко ; под ред. А. П. Окладникова, А. Л. Яншина
|
| 210 |
|
|
|a Новосибирск
|c Наука
|d 1983
|
| 215 |
|
|
|a 316 с.
|
| 320 |
|
|
|a Библиография в ссылках.
|
| 606 |
1 |
|
|a Комплексные исследования
|2 stltpush
|3 (RuTPU)RU\TPU\subj\15003
|
| 610 |
1 |
|
|a методология
|
| 610 |
1 |
|
|a научные исследования
|
| 610 |
1 |
|
|a наука
|
| 610 |
1 |
|
|a Сибирь
|
| 610 |
1 |
|
|a развитие
|
| 610 |
1 |
|
|a комплексные программы
|
| 610 |
1 |
|
|a экономические исследования
|
| 610 |
1 |
|
|a критический анализ
|
| 686 |
|
|
|a Ч215
|2 rubbk
|
| 702 |
|
1 |
|a Москаленко
|b А. Т.
|g Алексей Трофимович
|4 070
|
| 702 |
|
1 |
|a Окладников
|b А. П.
|g Алексей Павлович
|4 340
|
| 702 |
|
1 |
|a Яншин
|b А. Л.
|g Александр Леонидович
|4 340
|
| 712 |
0 |
2 |
|a Академия наук СССР (АН СССР)
|b Сибирское отделение (СО)
|b Институт истории, филологии и философии
|c (Новосибирск)
|2 stltpush
|3 (RuTPU)RU\TPU\col\11501
|
| 801 |
|
0 |
|a RU
|b RuMRKP
|c 19950704
|g psbo
|
| 801 |
|
1 |
|a RU
|b 63413507
|c 20150404
|
| 801 |
|
2 |
|a RU
|b 63413507
|c 20180220
|g RCR
|
| 942 |
|
|
|c BK
|